| 000 | 00606cam a2200181 4500 | ||
|---|---|---|---|
| 001 | ABS60939 | ||
| 008 | 000000n1999 000 0 eng u | ||
| 035 | _a(Sirsi) u101484 | ||
| 100 |
_aEade _cC. |
||
| 245 | _aCounter signs. | ||
| 260 | _c1999 | ||
| 490 |
_aProperty Week _v64(28) 16 July 1999, 30-32(3) |
||
| 520 | _aReviews the latest retail figures from FOCUS which indicate a slowdown in the demand for space. Tables showing regional demand and requirements. | ||
| 650 | _aSPACE REQUIREMENTS | ||
| 650 | _aPROPERTY DEMAND | ||
| 690 | _aPROPERTY-COMMERCIAL PROPERTY-RETAIL PROPERTY | ||
| 942 | _n0 | ||
| 999 |
_c60617 _d60617 |
||